000 00406nam a2200169Ia 4500
003 GCL
008 140319s9999 xx 000 0 eng d
040 _aGCL /
_cGCL
082 0 4 _aP
_b050
_bE T
100 1 _aNASR, AIDA
245 1 0 _aEGYPT TODAY /
_cNASR, AIDA
260 _a[S.N] :
_bAN MARI HERRISON ،
_c1996
300 _a146
650 0 4 _aEGYPT
650 0 4 _aEGYPT - CIVILIZATION
942 _2ddc
_cCR
999 _c25839
_d25839